|
|
|
|
| LEADER |
04112nam a22004575i 4500 |
| 001 |
978-3-319-00645-1 |
| 003 |
DE-He213 |
| 005 |
20151109001209.0 |
| 007 |
cr nn 008mamaa |
| 008 |
131218s2014 gw | s |||| 0|eng d |
| 020 |
|
|
|a 9783319006451
|9 978-3-319-00645-1
|
| 024 |
7 |
|
|a 10.1007/978-3-319-00645-1
|2 doi
|
| 040 |
|
|
|d GrThAP
|
| 050 |
|
4 |
|a HF5548.7-5548.85
|
| 072 |
|
7 |
|a JMJ
|2 bicssc
|
| 072 |
|
7 |
|a PSY021000
|2 bisacsh
|
| 082 |
0 |
4 |
|a 158.7
|2 23
|
| 245 |
1 |
0 |
|a Psycho-social Career Meta-capacities
|h [electronic resource] :
|b Dynamics of contemporary career development /
|c edited by Melinde Coetzee.
|
| 264 |
|
1 |
|a Cham :
|b Springer International Publishing :
|b Imprint: Springer,
|c 2014.
|
| 300 |
|
|
|a XXII, 336 p. 12 illus.
|b online resource.
|
| 336 |
|
|
|a text
|b txt
|2 rdacontent
|
| 337 |
|
|
|a computer
|b c
|2 rdamedia
|
| 338 |
|
|
|a online resource
|b cr
|2 rdacarrier
|
| 347 |
|
|
|a text file
|b PDF
|2 rda
|
| 505 |
0 |
|
|a 1. Employability approaches to contemporary careers -- 2. Protean career attitude as a positive approach to unemployment -- 3.Personality and psycho-social employability attributes as meta-capacities for sustained employability -- 4. A psychological career resources framework for contemporary career development -- 5. Adaptability in Action: Using Personality, Aptitude and Interest Data to Help Clients Increase their Social, Emotional and Cognitive Career Meta-capacities -- 6. Entrepreneurship as 21st century skill: Research findings and theories on entrepreneurial development -- 7. Psycho-social career meta-capacities in organisational career development -- 8. Person-Environment Fit and Vocational Outcomes -- 9. Career anchors as a meta-capacity in career development -- 10. Career meta-competencies in the retention of employees -- 11. Career wellbeing and psycho-social career meta-capacities -- 12. Well-being and Flourishing in Career Development Context -- 13. Psychological ownership -- 14. Sense of coherence and career development -- 15. The role of positive psychology and wellbeing in career development -- 16. Psycho-social career meta capacities in academic career development -- 17. Using career construction to facilitate the career adaptability of prospective students in the natural sciences: A South African case study -- 18. Flourishing interventions: a practical guide to student academic career development -- 19. “Enacted Negotiation” – Narratives of Career Development amongst Previously Disadvantaged Groups in South Africa -- 20. Designing learning experiences to prepare lifelong learners for the complexities of the workplace.
|
| 520 |
|
|
|a This book introduces a coherent perspective on the self-regulatory career meta-capacities that individuals, as career agents, need to successfully manage their career development in a boundaryless occupational world. Enriched by empirical data and case studies by subject specialists in the fields, it serves as a cutting-edge benchmark for specialists, professionals and post-graduate students in the careers field to study. This book allows an in-depth view of the most recent research trends on the critical psycho-social constructs influencing the adaptation, adaptivity, adaptability and employability of individuals in a turbulent, uncertain, and chaotic work world. In addition, it offers the practising professional new perspectives of career constructs and measures to consider in career counseling and guidance for the contemporary career.
|
| 650 |
|
0 |
|a Psychology.
|
| 650 |
|
0 |
|a Personnel management.
|
| 650 |
|
0 |
|a Economic sociology.
|
| 650 |
|
0 |
|a Industrial psychology.
|
| 650 |
1 |
4 |
|a Psychology.
|
| 650 |
2 |
4 |
|a Industrial, Organisational and Economic Psychology.
|
| 650 |
2 |
4 |
|a Human Resource Management.
|
| 650 |
2 |
4 |
|a Organizational Studies, Economic Sociology.
|
| 700 |
1 |
|
|a Coetzee, Melinde.
|e editor.
|
| 710 |
2 |
|
|a SpringerLink (Online service)
|
| 773 |
0 |
|
|t Springer eBooks
|
| 776 |
0 |
8 |
|i Printed edition:
|z 9783319006444
|
| 856 |
4 |
0 |
|u http://dx.doi.org/10.1007/978-3-319-00645-1
|z Full Text via HEAL-Link
|
| 912 |
|
|
|a ZDB-2-BHS
|
| 950 |
|
|
|a Behavioral Science (Springer-11640)
|